Para escribirte mejor 1.

Bibliographic Details
Main Author: Maqueo, Ana Marie
Format: Section = Libro
Language:Undetermined
Spanish
Published: México Limusa 2008
Edition:3a.ed
Subjects:
LEADER 00509nam a2200205Ia 4500
008 240830s9999 xx 000 0 und d
020 |a 978-968-18-5527-7 
040 |a B-ESTELÍ- RUACS / 461 M297 
041 |a spa 
082 |a 461 M297 
100 1 |a Maqueo, Ana Marie 
245 1 0 |a Para escribirte mejor 1. 
250 |a 3a.ed 
260 |a México  |b Limusa  |c 2008 
300 |a 256 p:il 
650 7 |a ESPAÑOL-ESTUDIO Y ENSEÑANZA 
650 7 |b  Redacción 
942 |c BK  |2 ddc 
991 |a TEXTO 
999 |c 10873